<?xml version="1.0" encoding="UTF-8"?>
<record
    xmlns:xsi="http://www.w3.org/2001/XMLSchema-instance"
    xsi:schemaLocation="http://www.loc.gov/MARC21/slim http://www.loc.gov/standards/marcxml/schema/MARC21slim.xsd"
    xmlns="http://www.loc.gov/MARC21/slim">

  <leader>01692nam a2200241 i 4500</leader>
  <controlfield tag="003">DO-SdBNP</controlfield>
  <controlfield tag="005">20230817112237.0</controlfield>
  <controlfield tag="006">a||||fr|||| 00| 0 </controlfield>
  <controlfield tag="007">ta</controlfield>
  <controlfield tag="008">230815e1998    dr a|||| |||| 00| 0 spa d</controlfield>
  <datafield tag="040" ind1=" " ind2=" ">
    <subfield code="a">DO-SdBNP</subfield>
    <subfield code="b">spa</subfield>
    <subfield code="c">BNPHU</subfield>
    <subfield code="e">rda</subfield>
  </datafield>
  <datafield tag="082" ind1=" " ind2="4">
    <subfield code="2">22</subfield>
    <subfield code="b">R426pr</subfield>
  </datafield>
  <datafield tag="110" ind1="1" ind2=" ">
    <subfield code="a">Rep&#xFA;blica Dominicana</subfield>
    <subfield code="b">Secretar&#xED;a de Estado de Finanza</subfield>
    <subfield code="e">Instituto de Capacitaci&#xF3;n Tributaria</subfield>
    <subfield code="9">53816</subfield>
  </datafield>
  <datafield tag="245" ind1="1" ind2="0">
    <subfield code="a">Programaci&#xF3;n regular de cursos 1998. /</subfield>
  </datafield>
  <datafield tag="264" ind1=" " ind2="1">
    <subfield code="a">Santo Domingo :</subfield>
    <subfield code="b">INCAT,</subfield>
    <subfield code="c">1998</subfield>
  </datafield>
  <datafield tag="300" ind1=" " ind2=" ">
    <subfield code="a">63 p&#xE1;ginas :</subfield>
    <subfield code="b">Ilustraciones ;</subfield>
    <subfield code="c">20 cm</subfield>
  </datafield>
  <datafield tag="336" ind1=" " ind2=" ">
    <subfield code="2">rdacontent</subfield>
    <subfield code="a">texto</subfield>
    <subfield code="b">txt</subfield>
  </datafield>
  <datafield tag="337" ind1=" " ind2=" ">
    <subfield code="2">rdamedia</subfield>
    <subfield code="a">sin mediaci&#xF3;n</subfield>
    <subfield code="b">n</subfield>
  </datafield>
  <datafield tag="338" ind1=" " ind2=" ">
    <subfield code="2">rdacarrier</subfield>
    <subfield code="a">volumen</subfield>
    <subfield code="b">nc</subfield>
  </datafield>
  <datafield tag="505" ind1=" " ind2=" ">
    <subfield code="a">Agente de Retenci&#xF3;n y Liquidaci&#xF3;n.</subfield>
    <subfield code="t">B&#xE1;sico de T&#xE9;cnicas Aduanales.-- Calidad en el Servicio y Atenci&#xF3;n al Cliente.-- Catastro y Valuaci&#xF3;n de Bienes Inmuebles.-- Contabilidad B&#xE1;sica.--Derecho Tributario.-- Especializaci&#xF3;n en Tributos Internos.-- Especializaci&#xF3;n en Comercio Exterior y Aduanas.-- Fiscalizaci&#xF3;n de Renta.-- Formulaci&#xF3;n y Ejecuci&#xF3;n Presupuestaria.-- Impuesto Sobre la Renta.-- Impuesto a la Transferencias d Bienes.-- Industrializados y servicios al ITBIS.-- Impuesto Selectivo al consumo.-- Impuesto a la vivienda Suntuaria y solares.-- Urbanos no Edificados.--</subfield>
    <subfield code="t">Nomenclatura y Merceolog&#xED;a.-- Normas Generales, Procedimientos, Infracciones y Sanciones Tributarias.-- Organizaci&#xF3;n y m&#xE9;todos.-- Ortograf&#xED;a y redacci&#xF3;n.-- Redacci&#xF3;n de Informes T&#xE9;cnicos.-- Relaciones Humanas.-- Sucesiones y Donaciones.-- Sucesiones, Donaciones y Transferencia a T&#xED;tulo Oneroso.-- Verificaci&#xF3;n a Aforo.-- Valoraci&#xF3;n Aduanera.</subfield>
  </datafield>
  <datafield tag="590" ind1=" " ind2=" ">
    <subfield code="a">Inventariado 2023 / MF</subfield>
  </datafield>
  <datafield tag="942" ind1=" " ind2=" ">
    <subfield code="2">ddc</subfield>
    <subfield code="c">LBS1</subfield>
  </datafield>
  <datafield tag="952" ind1=" " ind2=" ">
    <subfield code="0">0</subfield>
    <subfield code="1">0</subfield>
    <subfield code="2">ddc</subfield>
    <subfield code="5">1</subfield>
    <subfield code="7">0</subfield>
    <subfield code="8">PD</subfield>
    <subfield code="a">BNPHU</subfield>
    <subfield code="b">BNPHU</subfield>
    <subfield code="c">CT</subfield>
    <subfield code="d">2013-08-15</subfield>
    <subfield code="e">Donado por Flia. Reyes Duluc</subfield>
    <subfield code="l">0</subfield>
    <subfield code="o">R426pr</subfield>
    <subfield code="p">2023-5353</subfield>
    <subfield code="r">2023-08-15</subfield>
    <subfield code="w">2023-08-15</subfield>
    <subfield code="y">LBS1</subfield>
  </datafield>
  <datafield tag="999" ind1=" " ind2=" ">
    <subfield code="c">54413</subfield>
    <subfield code="d">54413</subfield>
  </datafield>
</record>
